[Event "KIA is it really a store?"]
[Site "SchemingMind.com"]
[Date "2005.07.22"]
[Round "-"]
[White "jiikoo"]
[Black "rabbit"]
[Result "1-0"]
[WhiteCountry "FIN"]
[BlackCountry "USA"]
[WhiteElo "1792"]
[WhiteRD "74"]
[BlackElo "1884"]
[BlackRD "79"]
[GameID "20356"]

1. Nf3 d5 2. g3 Nf6 3. d4 c6 4. Bg2 Bf5 5. O-O h6 6. e3 e6 7. b3 Nbd7 8. Bb2 Be7 9. Nbd2 O-O 10. c4 Bd3
11. Re1 Qb6 12. c5 Qa6 13. b4 b6 14. a3 Rac8 15. Bf1 Bxf1 16. Rxf1 Qd3 17. Qa4 Rc7 18. Rfd1 Ne4 19. Rac1 b5 20. Qc2 Qe2
21. Rf1 Nxd2 22. Nxd2 Qh5 23. f3 Qh3 24. Rce1 Rd8 25. e4 Nf6 26. e5 Nh7 27. Nb3 Nf8 28. Qe2 Ng6 29. f4 Bf8 30. Nc1 Ne7
31. f5 exf5 32. e6 f6 33. Nd3 Qg4 34. Rf3 Qh5 35. Nf4 Qe8 36. Ng2 g6 37. Qc2 Bg7 38. Rff1 Rb7 39. Bc1 a6 40. Bd2 Nc8
41. Rf2 Re7 42. Rfe2 Rb7 43. Qd3 Kh8 44. Nh4 Ne7 45. Rf2 h5 46. Ng2 Kg8 47. Rff1 Nc8 48. Re2 Re7 49. Rfe1 f4 50. Nxf4 g5
51. Ng6 Ra7 52. h4 Ne7 53. Nxe7+ Qxe7 54. hxg5 fxg5 55. Qg6 g4 56. Re5 Qf6 57. e7 Rxe7 58. Qxf6 Bxf6 59. Rxe7 Bxe7 60. Rxe7
1-0

[Event "KIA is it really a store?"]
[Site "SchemingMind.com"]
[Date "2005.07.22"]
[Round "-"]
[White "Chess Tiger"]
[Black "rabbit"]
[Result "1-0"]
[WhiteCountry "GER"]
[BlackCountry "USA"]
[WhiteElo "2145"]
[WhiteRD "78"]
[BlackElo "1918"]
[BlackRD "74"]
[GameID "20357"]

1. Nf3 d5 2. g3 Nf6 3. Bg2 c6 4. O-O Bg4 5. d3 Nbd7 6. Nbd2 e5 7. e4 dxe4 8. dxe4 Qc7 9. h3 Be6 10. Ng5 Nc5
11. Nxe6 Nxe6 12. c3 Be7 13. Nc4 O-O 14. Qe2 Rfd8 15. a4 a5 16. Be3 Bc5 17. Rfd1 Bxe3 18. Rxd8+ Qxd8 19. Qxe3 Nd7 20. Rd1 Qc7
21. Bf3 Ndc5 22. Bg4 Nxa4 23. Bxe6 fxe6 24. b3 b5 25. bxa4 bxc4 26. Qc5 Rf8 27. Rd2 Rf6 28. Kg2 h6 29. h4 Kh7 30. h5 Kg8
31. Qd6 Qb6 32. Qd8+ Qxd8 33. Rxd8+ Rf8 34. Rd6 Rb8 35. Rxc6 Rb3 36. Rxe6 Rxc3 37. Rxe5 Ra3 38. Rxa5 c3 39. e5 Kf7 40. f4 g5
41. hxg6+ Kxg6 42. Ra6+ Kf5 43. Rxh6 Ke4 44. Rc6 Kd3 45. e6 Rxa4 46. f5 Ra2+ 47. Kf3 Ra5 48. g4 Re5 49. f6 c2 50. e7 Re3+
51. Kf2 Re2+ 52. Kg3
1-0

[Event "KIA is it really a store?"]
[Site "SchemingMind.com"]
[Date "2005.07.22"]
[Round "-"]
[White "Aumonde"]
[Black "rabbit"]
[Result "1/2-1/2"]
[WhiteCountry "USA"]
[BlackCountry "USA"]
[WhiteElo "2123"]
[WhiteRD "76"]
[BlackElo "1975"]
[BlackRD "75"]
[GameID "20358"]

1. Nf3 d5 2. g3 Nf6 3. Bg2 c6 4. O-O Bg4 5. c4 e6 6. Ne5 Bh5 7. d4 Nbd7 8. Nc3 Be7 9. Qb3 Qb6 10. Nxd7 Nxd7
11. e4 dxe4 12. Bxe4 Nf6 13. Bg2 O-O 14. Be3 Qxb3 15. axb3 Rfd8 16. h3 Bg6 17. Rac1 Rac8 18. Rfd1 a5 19. Bf4 Bd6 20. Bg5 h6
21. Bh4 Be7 22. Na4 Rc7 23. Nb6 Bh7 24. g4 Bd6 25. g5 hxg5 26. Bxg5 Re7 27. Bd2 Bb4 28. Bg5 Bg6 29. h4 Bd6 30. Bd2 Bh5
31. f3 Bg6 32. Bxa5 Bf4 33. Rc3 Bf5 34. Na4 Bc7 35. Bxc7 Rxc7 36. Rcc1 Rcd7 37. Nc5 Rxd4 38. Rxd4 Rxd4 39. Nxb7 Rd2 40. Na5 c5
41. Nb7 Nd7 42. Ra1 Rxb2 43. Ra8+ Kh7 44. Rd8 Ne5 45. Nxc5 Ng6 46. h5 Nf4 47. Bf1 Nxh5 48. Rd7 Ng3 49. Bd3 Bxd3 50. Rxd3 Kg6
51. Rd7 Nf5 52. Rd8 e5 53. Nd3 Rxb3 54. Nxe5+ Kf6 55. Nd3 Rc3 56. c5 Ke7 57. Rd5 g6 58. f4 Ke6 59. Rd8 f6= 60. Kf2 g5
61. fxg5 fxg5 62. Kf3 Ke7 63. Rd5 Kf6 64. Rd8 g4+ 65. Kxg4 Ke7 66. Kxf5 Kxd8 67. Ke4 Kc7 68. Kd4 Rb3 69. Ne5 Rb1 70. Kd5 Rd1+
71. Kc4 Rh1 72. Nf7 Rh5 73. Kd4 Rxc5 74. Kxc5
1/2-1/2